000 00654nam a22002417a 4500
001 BR6001111
003 BR-BrBNA
005 20230928095510.0
007 ta
008 230509b bl.||||| |||| 00| 0 por d
040 _aBR-BrBNA
_bpor
_cBiblioteca Nacional de Agricultura
041 _a(Por)
072 _aL60
090 _ L60 BR6001111
100 1 _aIhering, R. von
245 1 _aFauna do Porasil. Texto explicativo do Atlas da Fauna de Porasil
260 3 _aSao Paulo, SP (Brasil):
_b"O Estado",
_c1917.
300 _a125 p.
650 _aFauna
650 _aPreservacao da Natureza
909 _a202309
_bLucia
_c55
_dLucia Elande
942 _cBK
999 _c56921
_d56921